Fundamental research in organometallic chemistry (Record no. 36738)

MARC details
000 -LEADER
fixed length control field 00297nam a2200109Ia 4500
082 ## - DEWEY DECIMAL CLASSIFICATION NUMBER
Classification number 547.25
Item number TSU
245 #0 - TITLE STATEMENT
Title Fundamental research in organometallic chemistry
260 ## - PUBLICATION, DISTRIBUTION, ETC. (IMPRINT)
Place of publication New York
Name of publisher Van Nostrand
Year of publication 1982
700 ## - ADDED ENTRY--PERSONAL NAME
Personal name Tsutsui, Minoru
942 ## - ADDED ENTRY ELEMENTS (KOHA)
Koha item type Books
Holdings
Withdrawn status Lost status Damaged status Not for loan Home library Current library Date acquired Cost, normal purchase price Full call number Accession Number Koha item type
        RRII Library RRII Library 16/12/2021 65.00 547.25 TSU 17139 Books